Hay un país en el mundo : (Registro nro. 45864)
[ vista simple ]
| 000 -CABECERA | |
|---|---|
| campo de control de longitud fija | 00772nam a2200205 a 4500 |
| 001 - NÚMERO DE CONTROL | |
| campo de control | 000046375 |
| 005 - FECHA Y HORA DE LA ÚLTIMA TRANSACCIÓN | |
| campo de control | 20240412074305.0 |
| 008 - DATOS DE LONGITUD FIJA--INFORMACIÓN GENERAL | |
| campo de control de longitud fija | 150806s1999 dr a 000 0 spa d |
| 040 ## - FUENTE DE LA CATALOGACIÓN | |
| Centro catalogador/agencia de origen | DO-SdBNP |
| Lengua de catalogación | spa |
| Centro/agencia transcriptor | BNPHU |
| 082 ## - NÚMERO DE LA CLASIFICACIÓN DECIMAL DEWEY | |
| Número de clasificación | RD861.44 |
| Número de documento/Ítem | M671h, 1999 |
| 100 1# - ENTRADA PRINCIPAL--NOMBRE DE PERSONA | |
| Nombre de persona | Mir, Pedro, |
| Fechas asociadas al nombre | 1913-2000 |
| 9 (RLIN) | 7245 |
| 245 10 - MENCIÓN DE TÍTULO | |
| Título | Hay un país en el mundo : |
| Resto del título | poema gris en varias ocaciones / |
| Mención de responsabilidad, etc. | Pedro Mir ; editor Tomás Castro Burdiez ; ilustraciones Consuelo Gotay. |
| 260 ## - PUBLICACIÓN, DISTRIBUCIÓN, ETC. | |
| Lugar de publicación, distribución, etc. | Santo Domingo : |
| Nombre del editor, distribuidor, etc. | Corripio, |
| Fecha de publicación, distribución, etc. | 1999. |
| 300 ## - DESCRIPCIÓN FÍSICA | |
| Extensión | 30 p. : |
| Otras características físicas | il., ; |
| Dimensiones | 28 cm. |
| 600 #0 - PUNTO DE ACCESO ADICIONAL DE MATERIA--NOMBRE DE PERSONA | |
| Nombre de persona | MIR, PEDRO, |
| Fechas asociadas al nombre | 1913-2000 |
| Subdivisión general | CRÍTICA E INTERPRETACIÓN |
| 9 (RLIN) | 19950 |
| 650 #0 - PUNTO DE ACCESO ADICIONAL DE MATERIA--TÉRMINO DE MATERIA | |
| Término de materia o nombre geográfico como elemento de entrada | Poesía dominicana |
| 9 (RLIN) | 66 |
| 650 #0 - PUNTO DE ACCESO ADICIONAL DE MATERIA--TÉRMINO DE MATERIA | |
| Término de materia o nombre geográfico como elemento de entrada | Literatura dominicana. |
| 9 (RLIN) | 67 |
| 700 1# - PUNTO DE ACCESO ADICIONAL--NOMBRE DE PERSONA | |
| Nombre de persona | Gotay, Consuelo, |
| Término indicativo de función/relación | il. |
| 9 (RLIN) | 74407 |
| 700 ## - PUNTO DE ACCESO ADICIONAL--NOMBRE DE PERSONA | |
| Nombre de persona | Castro, Tomás, |
| Fechas asociadas al nombre | 1959- |
| Término indicativo de función/relación | ed. |
| 9 (RLIN) | 24641 |
| Estado de retiro | Estado de pérdida | No para préstamo | Código de colección | Localización permanente | Ubicación/localización actual | Ubicación en estantería | Fecha de adquisición | Número de inventario | Total de préstamos | Signatura topográfica completa | Código de barras | Fecha visto por última vez | Precio válido a partir de | Tipo de ítem Koha | Nota pública |
|---|---|---|---|---|---|---|---|---|---|---|---|---|---|---|---|
| Excluido de préstamo | Patrimonio Dominicano | Patrimonio Dominicano | Patrimonio Dominicano | Depósito | 06.08.2015 | LF1 | RD861.44 M671h, 1999 | 46375-10 | 25.06.2020 | 25.06.2020 | Libro y Folleto Colección Patrimonio Dominicano | Perteneció a la biblioteca personal de Chiqui Vicioso / Fidelio Despradel. |
